Encyclopaedia of Indian cinema (Record no. 11407)

MARC details
000 -LEADER
fixed length control field 00597nam a2200193Ia 4500
003 - CONTROL NUMBER IDENTIFIER
control field IN-BaIIA
008 - FIXED-LENGTH DATA ELEMENTS--GENERAL INFORMATION
fixed length control field 211028s9999 xx 000 0 eng d
020 ## - INTERNATIONAL STANDARD BOOK NUMBER
International Standard Book Number 0-19-563579-5
040 ## - CATALOGING SOURCE
Transcribing agency IIA Library
080 ## - UNIVERSAL DECIMAL CLASSIFICATION NUMBER
Universal Decimal Classification number (031):791.43(540)
Item number RAJ
100 ## - MAIN ENTRY--PERSONAL NAME
Personal name Rajadhyaksha, Ashish
9 (RLIN) 19639
245 #0 - TITLE STATEMENT
Title Encyclopaedia of Indian cinema
Statement of responsibility, etc. Ashish Rajadhyaksha and Paul Willemen
260 ## - PUBLICATION, DISTRIBUTION, ETC.
Place of publication, distribution, etc. New Delhi
Name of publisher, distributor, etc. Oxford University Press
Date of publication, distribution, etc. 1995
300 ## - PHYSICAL DESCRIPTION
Extent 568p.
650 ## - SUBJECT ADDED ENTRY--TOPICAL TERM
Topical term or geographic name entry element Cinema
9 (RLIN) 19640
650 ## - SUBJECT ADDED ENTRY--TOPICAL TERM
Topical term or geographic name entry element Indian Cinema
9 (RLIN) 19641
700 ## - ADDED ENTRY--PERSONAL NAME
Personal name Willemen, Paul
9 (RLIN) 19642
942 ## - ADDED ENTRY ELEMENTS (KOHA)
Koha item type Books
Holdings
Withdrawn status Lost status Damaged status Not for loan Home library Current library Shelving location Date acquired Total Checkouts Full call number Barcode Date last seen Price effective from Koha item type
        IIA Library-Bangalore IIA Library-Bangalore General Stacks 28/09/1995   (031):791.43(540)/ RAJ 12322 05/11/2021 28/09/1995 Books

Powered by Koha